01182cam a2200337 a 45000010005000000030006000050050017000110080041000280100017000690200031000860200030001170200018001470400023001650420014001880500024002020820014002261000018002402450117002582500046003752600034004213000057004555050007005125200170005195210022006895210018007116500019007296500022007486500022007706500014007927000038008062212FISKH20250731135912.0110712s2012 nyua b 000 1 eng  a 2011019366 a9780062110589 (trade bdg.) a9780062110596 (lib. bdg.) a9780545649148 aDLCcDLCdDLCbeng alcacapcc00aPZ7.L7376bPff 201200a513.22231 aLitwin, Eric.10aPete the cat and his four groovy buttons /cWritten by Eric Litwin ; Art by James Dean (creator of Pete the Cat) aFirst Scholastic printing, September 2013 aNew York :bScholastic,c2012 a40 unnumbered pages :bcolor illustrations ;c28 cm aF  aPete the cat loves the buttons on his shirt so much that he makes up a song about them, and even as the buttons pop off, one by one, he still finds a reason to sing.1 a350 bLexile AD 1 aF bRaz-Plus  1aCatsvFiction. 1aButtonsvFiction. 1aSingingvFiction. 1aCounting.1 aDean, James,d1957-eillustrator